| 000 | 01080nam2a22002411 4500 | ||
|---|---|---|---|
| 001 | rc\686011 | ||
| 005 | 20250621222648.0 | ||
| 035 | _a(NLR Aleph) 005954087 | ||
| 090 |
_a6790730 _c6790730 |
||
| 100 | _a20031121d1985 |||y0rusy50 ca | ||
| 101 | 0 | _arus | |
| 102 | _aRU | ||
| 105 | _ay ||||||||| | ||
| 200 | 0 |
_a... на 1986 год _fВторая сессия Верхов. Совета Калм. АССР восьмого созыва |
|
| 210 |
_d1985 _aБ. м. |
||
| 215 | _a19 с. | ||
| 333 | _aДСП. Экз. № 000007 | ||
| 461 | 0 |
_1001rc\686010 _12001#$aГосударственный бюджет Калмыкской АССР...$eПроект$eВнесен Советом Министров КалмАССР$v... на 1986 год _96790722 _cЭлиста _d1985 _nБ. и. _oПроект : Внесен Советом Министров КалмАССР _tГосударственный бюджет Калмыкской АССР... _v... на 1986 год |
|
| 801 | 0 |
_aRU _bNLR _gpsbo |
|
| 801 | 1 |
_aRU _bELAR _2rusmarc |
|
| 852 |
_aNLR _j86-50К/8589 |
||
| 942 | _cBOOK | ||
| 980 | _aNB | ||